| 000 | 00638nam a2200193 4500 | ||
|---|---|---|---|
| 001 | 107230 | ||
| 003 | ES-MaACL | ||
| 005 | 20230906184354.0 | ||
| 007 | t| | ||
| 008 | 061121s1982 sp r ||||1| spa d | ||
| 100 | 1 |
_aMorales de Setién García, José. _983033 |
|
| 245 | 1 | 4 |
_aLos árabes en la Rioja / _cJosé Morales de Setién García. |
| 260 |
_aLogroño : _bDiputación de la Rioja, Unidad de Cultura, _c1982. |
||
| 300 |
_a140 p., : _bil ; _c17 cm. |
||
| 490 | 1 |
_aColección de temas riojanos ; _v7 |
|
| 830 | 0 |
_aColección de temas riojanos ; _v7 _9232883 |
|
| 852 |
_aES-MaACL _jL-3005 _bR.103349 |
||
| 999 |
_c107230 _d107230 |
||